Multidiccionario : (Registro nro. 11505)

Detalles MARC
000 -LIDER
fixed length control field 00859nam a22002537a 4500
001 - NÚMERO DE CONTROL
Identificador de número de control 000537
003 - IDENTIFICACDOR DE NÚMERO DE CONTROL
control field DO-SdBNP
005 - DATE AND TIME OF LATEST TRANSACTION
control field 20170915104718.0
007 - CAMPOS FIJOS DE DESCRIPCIÓN FÍSICA
fixed length control field 000537
008 - ELEMENTOS DE LONGITUD FIJA
fixed length control field 161010b 2010 ck ||||| |||| 00| 0 spa d
020 ## - ISBN
International Standard Book Number 9789974680593
040 ## - FUENTE DE CATALOGACIÓN
Agencia que crea de manera original el registro BPMSU
Idioma de catalogación spa
Agencia que realiza la transcripción BPMSU
082 ## - NÚMERO DE CLASIFICACIÓN DECIMAL DE DEWEY
Classification number R 423.61
Item number M961i
245 00 - MENCIÓN DE TITULO
Título Multidiccionario :
Subtítulo inglés - español, español - inglés.
Mención de responsabilidad redacción Alejandro Marcelo Itzik ... [et al.].
246 34 - VARIACION DEL TÍTULO
Título propiamente dicho o título corto Multidiccionario total idioma inglés
260 ## - PUBLICACIÓN, DISTRIBUCIÓN, ETC. (PIE DE IMPRENTA)
Lugar de publicación, distribución, etc Buenos Aires :
Nombre del editor, distribuidor, etc. Cultural Librera Americana,
Fecha de publicación, distribución, etc 2010.
300 ## - DESCRIPCIÓN FÍSICA
Extensión 896 p. ;
Dimensiones 21 cm.
650 #4 - ENCABEZAMIENTO DE MATERIA--TEMÁTICO
Término temático o nombre geográfico como elemento de entrada LENGUA INGLESA
Subdivisión temática general DICCIONARIOS
-- ESPAÑOL
650 #4 - ENCABEZAMIENTO DE MATERIA--TEMÁTICO
Término temático o nombre geográfico como elemento de entrada LENGUA ESPAÑOLA
Subdivisión temática general DICCIONARIOS
-- INGLÉS
700 1# - ASIENTO SECUNDARIO -- NOMBRE PERSONAL
Nombre personal Itzik, Alejandro Marcelo
910 ## - VALIDACIÓN
Validación Validado. Control de calidad MFF
942 ## - ADDED ENTRY ELEMENTS (KOHA)
Source of classification or shelving scheme Dewey Decimal Classification
Koha item type Libros
956 ## - LOCAL ELECTRONIC LOCATION AND ACCESS (OCLC)
Método de acceso LOPEREZ
Materiales especificados 10
Enlace 20161010
Campo enlazado y núm. de secuencia BPMSU
Nombre de host 00041
Existencias
Withdrawn status Lost status Source of classification or shelving scheme Damaged status Not for loan Collection code Home library Current library Date acquired Source of acquisition Total Checkouts Full call number Barcode Date last seen Price effective from Koha item type
    Dewey Decimal Classification     Colección General Biblioteca Pública Metropolitana Salomé Ureña Biblioteca Pública Metropolitana Salomé Ureña 10/10/2016 Sin sellar   R 423.61 M961i BPMSU16100022 10/10/2016 10/10/2016 Libros